[Event "Vienna"]
[Site "Vienna"]
[Date "1991.??.??"]
[Round "7"]
[White "Mokry, Karel"]
[Black "Fauland, Alexander"]
[Result "1-0"]
[WhiteElo "2525"]
[BlackElo "2475"]
[Annotator "Knaak,R"]
[PlyCount "71"]
[EventDate "1991.10.??"]
[EventType "tourn"]
[EventRounds "9"]
[EventCountry "AUT"]
[EventCategory "12"]
[SourceTitle "CBM 026"]
[Source "ChessBase"]
[SourceDate "1992.02.01"]
[SourceVersion "1"]
[SourceVersionDate "1992.02.01"]
[SourceQuality "1"]

1. e4 e6 2. d4 d5 3. Nc3 Bb4 4. a3 Bxc3+ 5. bxc3 dxe4 6. Qg4 Nf6 7. Qxg7 Rg8 8.
Qh6 Rg6 9. Qd2 Bd7 $5 10. c4 c5 11. d5 Ba4 12. dxe6 Nc6 13. exf7+ Kxf7 $44 14.
Ne2 Qe7 15. Qc3 Nd4 $5 16. Nxd4 cxd4 17. Qxd4 Rd8 18. Qc3 e3 $1 {/^c6-g2; <->e}
19. Qxe3 (19. Bxe3 $2 Ne4 20. Qb2 (20. Qb4 Qe5 21. Rc1 Nxf2 22. Kxf2 Rf6+ 23.
Ke2 Qh5+ 24. Ke1 Qh4+ 25. Ke2 Qg4+ 26. Ke1 Qe4 27. Qc3) 20... Nxf2 $1 21. Kxf2
Rd2+ $1 22. Bxd2 Rf6+ 23. Kg3 Qd6+ 24. Kh4 Qxd2 $19) 19... Qd6 20. Be2 (20. Bd2
$2 Re8 $19) 20... Bc6 $1 (20... Re8 21. Qf4 Qc5 22. Be3) 21. Qf4 Qc5 22. Be3 (
22. f3 Rxg2 23. Be3 $13) 22... Qa5+ 23. Bd2 Rxd2 $5 (23... Qa4 24. Bh5 $5) 24.
Qxd2 Qe5 25. Rd1 $4 (25. c3 Bxg2 26. Rg1 $16 {/+-}) 25... Bxg2 $19 26. Rg1 Qxh2
27. Rxg2 Rxg2 28. Bf1 Rg4 $2 (28... Qe5+ 29. Qe2 Qc3+ 30. Qd2 $10) (28... Rg8
$1 {(/\ 30...Re8+ 31.Be2 Qg1#)} 29. Qd4 $8 {(קf2)} (29. Qd6 $2 Re8+ 30. Be2
Qg1+ 31. Kd2 Ne4+ $19) 29... Rg4 $1 (29... Re8+ 30. Kd2 Ne4+ 31. Kc1) 30. Qc5 (
30. Qxa7 Qe5+ 31. Kd2 (31. Be2 Rg1+ 32. Kd2 Ne4+ 33. Kd3 Nc5+ 34. Kd2 Qd4+ $1
35. Bd3 Ne4+ 36. Ke2 Qxa7 $19) 31... Ne4+ 32. Kd3 (32. Kc1 Qa1#) 32... Nc5+ 33.
Kd2 Qd4+ 34. Ke2 Re4+ 35. Kf3 Rf4+ $19) (30. Qd6 Re4+ 31. Be2 Qg1+ 32. Kd2 Qxf2
$19) 30... b6 $1 31. Qf5 Rf4 $1 32. Rd7+ Kf8 33. Rd8+ Ke7 $19) 29. f3 $1 $10
Qg3+ 30. Qf2 Qe5+ 31. Qe2 Ne4 $6 32. Rd7+ $1 (32. Qe3 Qg3+ 33. Ke2 Qh2+ 34. Ke1
Qh4+ 35. Ke2 Ng3+ 36. Kd3 Qd8+ 37. Kc3 Qxd1 38. fxg4 $17) 32... Ke8 (32... Kg6
33. Qe3 $16 Rh4 $2 34. fxe4 Rxe4 35. Bd3 $18) 33. fxg4 Qg3+ $2 (33... Qc3+ $2
34. Rd2 Qa1+ 35. Qd1 Qc3 36. Bd3 $18) (33... Kxd7 34. Qe3 Qa1+ 35. Ke2 Nc3+ (
35... Nd6 $6 36. c5 $16) 36. Kd3 Qxf1+ (36... Nb1 $5 37. Qd4+ Qxd4+ 38. Kxd4
Nxa3 39. Kc3 Nb1+ 40. Kd3 h6 41. c3 Kd6 $13) 37. Kxc3 Qa1+ 38. Kd2 $14) 34. Kd1
Kxd7 35. Qxe4 Qxa3 36. Qd3+ 1-0

[Event "Lisbon zt"]
[Site "Lisbon"]
[Date "1993.??.??"]
[Round "4"]
[White "Ochoa de Echaguen, Francisco Javier"]
[Black "Contin, Daniel"]
[Result "1-0"]
[WhiteElo "2415"]
[BlackElo "2395"]
[Annotator "Knaak,R"]
[PlyCount "73"]
[EventDate "1993.03.??"]
[EventType "tourn"]
[EventRounds "11"]
[EventCountry "POR"]
[EventCategory "7"]
[SourceTitle "CBM 035"]
[Source "ChessBase"]
[SourceDate "1993.08.01"]
[SourceVersion "1"]
[SourceVersionDate "1993.08.01"]
[SourceQuality "1"]

1. e4 e6 2. d4 d5 3. Nc3 Bb4 4. Nge2 dxe4 5. a3 Bxc3+ 6. Nxc3 Nc6 7. Bf4 $5 Nf6
(7... Nge7 $1) 8. Bb5 $1 O-O $2 (8... Bd7 9. Bg5 a6 10. Bc4 h6 11. Bh4 Qe7 $6 (
11... g5 $5) 12. Nxe4 g5 13. Nxf6+ Qxf6 14. Bg3 O-O-O 15. c3 h5 16. h4 g4 17.
Qe2 $16 {Ochoa De Echaguen,F-Markson,G/New York op/1992/}) 9. Bxc6 bxc6 10. Bg5
Ba6 11. Qd2 Rb8 12. O-O-O Kh8 13. Bxf6 gxf6 14. Nxe4 $16 {>< o/oc6c7} Rg8 15.
Nc5 Bc8 16. g3 Qe7 17. f4 Rd8 18. Qe3 Qd6 19. c4 Rb6 20. Qc3 Qe7 21. Rhe1 Kg8
22. g4 Qf8 23. Ne4 Qh6 24. g5 Qxh2 25. Nxf6+ Kf8 26. Rf1 a5 27. Rd2 Qh4 28. Rd3
Qh2 29. Rd2 Qh4 30. Qxa5 Ba6 31. Qc3 Ke7 32. Rg2 h6 33. Ne4 hxg5 34. Nxg5 Rdb8
35. b4 Rg8 36. Re2 f6 37. Nxe6 1-0

[Event "Jakarta zt"]
[Site "Jakarta"]
[Date "1993.??.??"]
[Round "10"]
[White "Tu, Hoang Thong"]
[Black "Johansen, Darryl Keith"]
[Result "1/2-1/2"]
[WhiteElo "2435"]
[BlackElo "2500"]
[Annotator "Knaak,R"]
[PlyCount "89"]
[EventDate "1993.01.??"]
[EventType "swiss"]
[EventRounds "11"]
[EventCountry "INA"]
[SourceTitle "CBM 035"]
[Source "ChessBase"]
[SourceDate "1993.08.01"]
[SourceVersion "1"]
[SourceVersionDate "1993.08.01"]
[SourceQuality "1"]

1. e4 e6 2. d4 d5 3. Nc3 Bb4 4. Nge2 dxe4 5. a3 Bxc3+ 6. Nxc3 Nc6 7. d5 $6 exd5
(7... Nce7 8. dxe6 Qxd1+ 9. Kxd1 Bxe6 10. Nxe4 O-O-O+ {=/=/+}) 8. Qxd5 Be6 9.
Qxd8+ $1 (9. Qxe4 Nf6 $15) 9... Rxd8 10. Bf4 (10. Nxe4 $10) 10... f5 11. Nb5
Nf6 12. Nxc7+ Kf7 13. Nxe6 Kxe6 14. Bc4+ Ke7 15. Rd1 h6 16. O-O g5 17. Be3 b6
18. Bd2 Rd6 19. Bc3 Rhd8 20. Rde1 Nd5 21. Bxd5 Rxd5 22. f3 R5d6 23. fxe4 f4 24.
g3 fxg3 25. hxg3 Re6 26. Kg2 a5 27. a4 Nd4 28. Rf2 g4 29. e5 Nf3 30. Re4 h5 31.
Rf4 Rd1 32. Rf1 Rxf1 33. Kxf1 Nxe5 34. Rf5 Nc4 35. Rxh5 Re3 36. Rh6 Kd7 37. Rf6
Rxg3 38. Rf4 Ne3+ 39. Kf2 Rh3 40. Bd4 Nxc2 41. Bxb6 Rb3 42. Bxa5 g3+ 43. Kg2
Ne3+ 44. Kxg3 Nc4+ 45. Rf3 1/2-1/2

[Event "Porz Citroen-Cup"]
[Site "Cologne"]
[Date "1990.??.??"]
[Round "1"]
[White "Westerinen, Heikki MJ"]
[Black "Uhlmann, Wolfgang"]
[Result "1/2-1/2"]
[WhiteElo "2450"]
[BlackElo "2505"]
[Annotator "Knaak,R"]
[PlyCount "107"]
[EventDate "1990.12.??"]
[EventType "tourn"]
[EventRounds "9"]
[EventCountry "GER"]
[EventCategory "7"]
[SourceTitle "CBM 021"]
[Source "ChessBase"]
[SourceDate "1991.04.01"]
[SourceVersion "1"]
[SourceVersionDate "1991.04.01"]
[SourceQuality "1"]

1. e4 e6 2. d4 d5 3. Nc3 Bb4 4. Nge2 dxe4 5. a3 Bxc3+ 6. Nxc3 Nc6 7. Bf4 {
>= 7.Be3=} Nge7 8. Nxe4 Ng6 9. Be3 f5 $17 10. Nc3 f4 11. Bd2 Nxd4 12. Nb5 Nxb5
13. Bxb5+ Bd7 14. Qe2 O-O 15. O-O-O Bxb5 16. Qxb5 Qd5 17. Qe2 f3 18. gxf3 Rxf3
19. Bc3 Nf4 20. Qe1 Qc4 21. Rd2 Rxc3 $5 22. bxc3 Qxc3 23. Kb1 Qxa3 24. Rd4 Qf3
25. Rg1 Ne2 26. Rd3 Qh5 27. Rf1 Nf4 28. Rd4 Rf8 29. Rb4 b6 $17 30. Qe4 a5 31.
Rb3 Qg5 (31... h6) (31... Qd5 $5) 32. Rd1 Qf6 33. Rf3 Qg5 34. Ka2 h6 35. Rd7
$10 Qf5 36. Qxf5 Rxf5 37. Rxc7 b5 38. h4 a4 39. Rb7 Kh7 40. Ka3 h5 41. Rxb5
Rxb5 42. Rxf4 g5 43. hxg5 Kg6 44. Kxa4 Rc5 45. c4 Kxg5 46. Re4 Kf5 47. Rh4 Kg5
48. Re4 h4 49. Kb4 Rf5 50. Rxe6 Rxf2 51. c5 h3 52. c6 h2 53. Re1 Kg4 54. Kb5
1/2-1/2

[Event "Nikolaev zt"]
[Site "Nikolaev"]
[Date "1993.??.??"]
[Round "?"]
[White "Kuzmin, Gennadi P"]
[Black "Borovikov, Vladislav"]
[Result "1-0"]
[WhiteElo "2525"]
[BlackElo "2385"]
[Annotator "Knaak,R"]
[PlyCount "91"]
[EventDate "1993.03.??"]
[EventType "swiss"]
[EventRounds "11"]
[EventCountry "RUS"]
[SourceTitle "CBM 035"]
[Source "ChessBase"]
[SourceDate "1993.08.01"]
[SourceVersion "1"]
[SourceVersionDate "1993.08.01"]
[SourceQuality "1"]

1. e4 e6 2. d4 d5 3. Nc3 Bb4 4. a3 Bxc3+ 5. bxc3 dxe4 6. Qg4 Nf6 7. Qxg7 Rg8 8.
Qh6 b6 9. Bg5 Nbd7 $5 (9... Rg6) 10. Bb5 (10. Ne2 $5) 10... Rg6 11. Qh4 c6 $2 (
11... Bb7 $1 12. Ne2 $1 $10 (12. Bxd7+ Kxd7 $15)) 12. Bxf6 $1 $146 (12. Bc4 h6
13. Bxh6 Nd5 $44 {Chistiakov,A-Orlov,A/Moscow-ch/1935/}) 12... Qc7 (12... Rxf6
13. Bxc6 Qc7 14. Qxf6 Qxc6 15. Qh8+ $18) 13. Bd8 $1 Qxd8 14. Qxd8+ Kxd8 15.
Bxc6 Rb8 16. Bxe4 $16 Rg7 17. Ne2 Nf6 18. Bf3 Ba6 19. a4 Rc8 20. Ra3 e5 21.
dxe5 Nd7 22. Nf4 Nxe5 23. Be2 Bb7 24. f3 Nc4 25. Ra1 Ne3 26. Kf2 Rxc3 27. Bd3
Nd5 28. Nxd5 Bxd5 29. Rhd1 Kc7 30. Re1 f6 31. a5 b5 32. Bxb5 Rxc2+ 33. Re2 Rc5
34. Bd3 Rd7 35. Ra3 Bc6 36. Re6 Rf7 37. g4 Bd7 38. Ra6 Rc6 39. Rxa7+ Kb8 40.
Ra6 Rxa6 41. Bxa6 h5 42. Bc4 Rh7 43. Bd3 Rh8 44. a6 Ka7 45. Rc3 Bc8 46. gxh5
1-0

[Event "Terrassa"]
[Site "Terrassa"]
[Date "1990.??.??"]
[Round "4"]
[White "Romero Holmes, Alfonso"]
[Black "Pomes Marcet, Juan"]
[Result "0-1"]
[WhiteElo "2460"]
[BlackElo "2420"]
[Annotator "Knaak,R"]
[PlyCount "48"]
[EventDate "1990.04.??"]
[EventType "tourn"]
[EventRounds "11"]
[EventCountry "ESP"]
[EventCategory "11"]
[SourceTitle "CBM 019"]
[Source "ChessBase"]
[SourceDate "1990.12.01"]
[SourceVersion "1"]
[SourceVersionDate "1990.12.01"]
[SourceQuality "1"]

1. e4 e6 2. d4 d5 3. Nc3 Bb4 4. Bd2 Nf6 (4... dxe4 $1 5. Qg4 Qxd4) 5. e5 Bxc3
6. bxc3 Ne4 7. Qg4 {Mac Cutcheon ohne h6.} Kf8 8. Bd3 Nxd2 9. Kxd2 c5 10. h4 c4
$6 (10... f5 $5 $14) 11. Be2 Nc6 12. Nh3 f5 13. Qf3 $16 Qa5 14. Qe3 b5 15. a3
Ke8 16. Nf4 Rb8 17. Nh5 Rb7 18. g4 fxg4 19. Rhg1 Rf8 20. Rxg4 Rff7 21. Qg3 Kd8
22. Rxg7 Rxg7 23. Nxg7 Nxd4 24. Qf4 $4 Qxc3+ 0-1

[Event "POL-ch 57th"]
[Site "Plock"]
[Date "2000.05.29"]
[Round "2"]
[White "Grabarczyk, Bogdan"]
[Black "Socko, Bartosz"]
[Result "1-0"]
[WhiteElo "2394"]
[BlackElo "2556"]
[Annotator "Konikowski,J"]
[PlyCount "79"]
[EventDate "2000.04.28"]
[EventType "tourn"]
[EventRounds "13"]
[EventCountry "POL"]
[EventCategory "10"]
[SourceTitle "CBM 078"]
[Source "ChessBase"]
[SourceDate "2000.10.18"]
[SourceVersion "1"]
[SourceVersionDate "2000.10.18"]
[SourceQuality "1"]

1. e4 e6 2. d4 d5 3. Nc3 Bb4 4. Bd2 dxe4 5. Qg4 Nf6 6. Qxg7 Rg8 7. Qh6 b6 (7...
Nc6 8. O-O-O Bd7 9. f3 Nxd4 10. Nxe4 Rg6 11. Qe3 Bxd2+ 12. Rxd2 Nxe4 13. fxe4
e5 14. c3 Nc6 15. Nf3 Qe7 16. Bb5 a6 17. Ba4 O-O-O 18. Rhd1 Rd6 19. Rxd6 cxd6 {
1/2-1/2 Yepez,O-Skalkotas,N/Nice 1974/}) 8. O-O-O Bb7 9. Nh3 $146 {[%mdl 8]} (
9. f3 Bxc3 10. Bxc3 Nbd7 11. Bb5 Qe7 12. d5 O-O-O 13. Bxd7+ Nxd7 14. fxe4 Rxg2
15. Qxh7 exd5 16. exd5 Qe3+ 17. Kb1 Bxd5 18. Rxd5 Rxg1+ 19. Rd1 Rxh1 20. Rxh1
Qf3 21. Rc1 Nc5 22. Bb4 Ne4 23. b3 a5 $15 {Leveille,F-Delisle,C/Quebec 1986/})
(9. h3 Nbd7 10. Nge2 Qe7 11. Nb5 Rg6 12. Qh4 Bd6 13. Nxd6+ cxd6 14. Nf4 Rg8 15.
Bb5 a6 16. Bxd7+ Kxd7 17. Rhe1 Rac8 18. g4 Nd5 19. Qg3 Rc4 20. b3 Rc7 21. Kb2
Rgc8 $15 {Andreikine,D-Rodshtein,M/Oropesa del Mar 1999/}) 9... Qe7 (9... Qxd4
$2 10. Bg5 $18) 10. Nb5 Bxd2+ 11. Rxd2 Rg6 12. Qf4 Na6 13. Rg1 Rg4 14. Qh6 Rg6
15. Qf4 Rg4 16. Qh6 (16. Qe5 Kd8 $14) 16... Rd8 (16... Rg6 $5) 17. Be2 (17.
Nxa7 Nb4 $13) 17... Rg6 18. Qe3 Nb4 19. Nf4 (19. Nxa7 $2 Ra8 20. Qa3 Nbd5 21.
Qxe7+ Kxe7 $17) 19... Rg7 20. a3 Nbd5 21. Nxd5 exd5 22. f3 (22. Nxa7 $2 c6 $17)
22... a6 23. Nc3 Kf8 $2 (23... exf3 $1 24. Qxf3 (24. Qxe7+ Kxe7 25. Bxf3 Kd6
26. Re2 Rgg8 $11) 24... Ne4 25. Nxe4 dxe4 $11) 24. fxe4 dxe4 25. Rf1 Rd6 26. g3
b5 27. Bd1 Rg6 28. Rdf2 Kg8 29. Rf5 Qd8 30. h4 Nd5 31. Nxd5 Bxd5 32. h5 Rge6
33. Qf4 Re8 34. h6 Kh8 35. Bh5 e3 36. Re5 Rg8 (36... Bc4 37. Qxe3 Rxe5 38. dxe5
Rxh6 39. Qxh6 Bxf1 40. Bxf7 $18) 37. Qxe3 f6 38. Re7 Bc4 (38... Rf8 39. Re1 Rd7
40. Re8 Rxe8 41. Qxe8+ Bg8 (41... Qxe8 42. Rxe8+ Bg8 43. Bg4 Rd6 (43... Rxd4
44. Be6 $18) 44. Bf5 c6 45. c3 a5 46. g4 a4 47. Rc8 Rd5 48. Be6 Rg5 49. Bf5 $18
) 42. c3 $18) 39. Rf4 (39. Qe4 $142 $1) 39... f5 $2 (39... Qa8 $8) 40. Qe5+ 1-0

[Event "Metz op 30th"]
[Site "Metz"]
[Date "2012.04.23"]
[Round "2"]
[White "Solodovnichenko, Yuri"]
[Black "Nguyen, Chi Minh"]
[Result "1-0"]
[WhiteElo "2615"]
[BlackElo "2420"]
[Annotator "Metz Alekhine/Primel,D"]
[PlyCount "45"]
[EventDate "2012.04.14"]
[EventType "swiss"]
[EventRounds "9"]
[EventCountry "FRA"]
[SourceTitle "EXT 2013"]
[Source "ChessBase"]
[SourceDate "2012.11.22"]
[SourceVersion "1"]
[SourceVersionDate "2012.11.22"]
[SourceQuality "1"]

1. e4 e6 2. d4 d5 3. Nc3 Bb4 4. a3 Bxc3+ 5. bxc3 dxe4 6. Qg4 Nf6 7. Qxg7 Rg8 8.
Qh6 Rg6 9. Qe3 Nc6 10. Ne2 {94 Le GMI a joué а tempo l'ouverture} (10. Bb2 Ne7
11. O-O-O $13 {[%cal Gc3c4]}) 10... Ne7 {88} 11. Ng3 ({Pertinent:} 11. c4 b6
12. a4 Bb7 13. a5 Nf5 14. Qc3 c5 15. dxc5 bxc5 16. a6 Bc6 17. Be3 Nxe3 18. fxe3
Nd7 19. Qh8+ Nf8 20. g3 Qg5 21. Qc3 Nd7 22. Bg2 Ke7 23. O-O Rgg8 24. Rad1 Rad8
25. Rf4 Ne5 26. Rxd8 Rxd8 27. Qa5 Rd1+ 28. Kf2 Kd7 29. Bxe4 Qh5 30. h4 Bxe4 31.
Nc3 Rd2+ 32. Ke1 Rxc2 33. Qa4+ Ke7 {0-1 (33) Poetsch,H (2466)-Braun,A (2556)
Germany 2013}) 11... Nf5 (11... Ned5 {Plus courant} 12. Qd2 {Kosteniuk,A (2525)
-Hoang Thanh Trang (2483) Dresden ol (Women) 38th 2008 (10) 1/2}) 12. Qf4 {94}
c5 $146 (12... Nd5 $5) 13. Qe5 $1 {85} (13. Nxe4 $5 cxd4 14. Nxf6+ Rxf6 15.
cxd4 Nxd4 (15... Qxd4 16. Bb5+ Bd7 17. Bxd7+ Kxd7 18. O-O) 16. Qd2 $44 {
[%csl Gc1][%cal Gc1b2,Gb2f6]}) 13... Nxg3 (13... cxd4 $2 14. Nxf5) 14. hxg3
cxd4 15. cxd4 Bd7 16. Rh6 e3 $2 {Un coup naturel pour obtenir uen fourchette
mais qui sera réfuté brillament par les Blancs} 17. Bxe3 Ng4 18. Rxg6 $1 hxg6
19. Qh8+ Ke7 20. Qh4+ Nf6 21. Bg5 (21. d5 $18 {[%cal Ge3c5]}) 21... Qh8 22. c4
Qxh4 23. gxh4 (23. Bxh4) 1-0

[Event "Sautron op 14th"]
[Site "Sautron"]
[Date "2014.10.25"]
[Round "3"]
[White "Lagarde, Maxime"]
[Black "Ider, Borya"]
[Result "1-0"]
[WhiteElo "2566"]
[BlackElo "2394"]
[Annotator "RR"]
[PlyCount "86"]
[EventDate "2014.10.26"]
[EventType "swiss"]
[EventRounds "9"]
[EventCountry "FRA"]
[SourceTitle "EXT 2015"]
[Source "ChessBase"]
[SourceDate "2014.11.20"]
[SourceVersion "1"]
[SourceVersionDate "2014.11.20"]
[SourceQuality "1"]
[TimeControl "40/5400+30:1800+30"]
[WhiteClock "0:59:26"]
[BlackClock "0:51:36"]

1. e4 {[%emt 0:00:18]} e6 {[%emt 0:00:15]} 2. d4 {[%emt 0:00:05]} d5 {[%emt 0:
00:03]} 3. Nc3 {[%emt 0:00:03]} Bb4 {[%emt 0:00:09]} 4. Nge2 {[%emt 0:00:07]
Une petite surprise car le GMI n'avait pas joué ce gambit depuis plusieurs
années.} dxe4 {[%emt 0:00:04]} 5. a3 {[%emt 0:00:03]} Bxc3+ {[%emt 0:00:03]} (
5... Be7 {Moins ambitieux} 6. Nxe4 Nf6 7. Qd3 $14) 6. Nxc3 {[%emt 0:00:04]} Nc6
{[%emt 0:00:05]} 7. d5 {[%emt 0:00:25]} (7. Bb5 {La grande ligne}) 7... exd5 {
[%emt 0:00:04]} 8. Qxd5 {[%emt 0:00:09]} Be6 {[%emt 0:00:03]} (8... Nge7 9.
Qxd8+ Nxd8 10. Nxe4 Bf5 11. Bd3 Ne6 $11 {Kharlov,A (2604)-Tunik,G (2505) RUS
Cup Qualifier 5 blitz 2004 0-1}) 9. Qxe4 {[%emt 0:00:04]} Nf6 {[%emt 0:00:02]}
10. Qh4 {[%emt 0:00:05]} Qd4 {[%emt 0:00:03]} 11. Bg5 {[%emt 0:00:16]} O-O-O {
[%emt 0:00:30]} (11... Qe5+ 12. Be2 Nd4 13. O-O-O O-O-O 14. Bd3 h6 15. Bxf6
Qxf6 16. Qxf6 gxf6 17. Ne4 Bd5 18. f3 Bxe4 19. fxe4 Rd6 20. Rhf1 Kd8 21. Bc4
Rh7 22. c3 Nc6 23. Rxf6 Rxd1+ 24. Kxd1 Ne5 25. Be2 Ke7 26. Rf5 f6 27. Kd2 Rg7
28. g3 Rg5 29. Ke3 Rxf5 30. exf5 Kd6 31. Ke4 Nd7 32. Kf4 Ke7 33. b4 b6 34. h4
c5 35. g4 Kd6 36. Bb5 Ne5 37. g5 hxg5+ 38. hxg5 fxg5+ 39. Kxg5 Ke7 40. f6+ Ke6
41. bxc5 {Solodovnichenko,Y (2574)-Edouard,R (2602) Mulhouse 2011 1-0}) 12.
Qxd4 {[%emt 0:05:02]} Rxd4 {[%emt 0:03:44]} 13. Bxf6 {[%emt 0:15:04]} gxf6 {
[%emt 0:00:21]} 14. Bd3 {[%emt 0:00:44]} Ne5 {[%emt 0:02:52]} 15. O-O-O {
[%emt 0:00:29]} Nxd3+ $146 {[%emt 0:00:23]} (15... Rf4 16. f3 Rg8 17. Bf1 c6
18. b3 Kc7 19. Ne2 Rh4 20. g3 Rh6 21. Bg2 Bh3 22. Bxh3 Rxh3 23. Nd4 a5 24. f4
Ng4 25. Rhe1 Rd8 26. Nf3 Rxd1+ 27. Kxd1 b5 28. Re2 Kd6 29. b4 axb4 30. axb4 Kd5
31. c3 c5 32. Kc2 Kc6 33. Kd3 Kd5 34. Ra2 h5 35. bxc5 Kxc5 36. Rb2 Kd6 37. Kd4
Kc6 38. Rg2 Kd6 39. Re2 Kc6 40. f5 Kd6 41. Ra2 Kc6 42. Rb2 Kd6 43. Re2 Kc6 44.
Ra2 Kd6 45. Ra6+ {Harm,J (2427)-Lubas,J (2445) ICCF email 2008 1/2-1/2 (73)})
16. Rxd3 {[%emt 0:00:04]} Rxd3 {[%emt 0:00:14]} 17. cxd3 {[%emt 0:00:05]} Rg8 {
[%emt 0:08:09][%csl Rg2] Fin de la préparation des Noirs qui ont blitzé
l'ouverture} 18. g3 $14 {[%emt 0:00:20] Il n'est pas certain que la domination
du B sur le N suffise à compenser les faiblesses de structure.} Rd8 {[%emt 0:
00:17]} 19. Kc2 {[%emt 0:01:02]} b6 {[%emt 0:05:01]} 20. b4 {[%emt 0:20:55]}
Bf5 {[%emt 0:14:04]} 21. Ne4 $16 {[%emt 0:04:14][%csl Gc5] La finale est
facile à jouer pour les Blancs} Bg6 {[%emt 0:07:37]} 22. f4 {[%emt 0:06:39]}
Bxe4 $6 {[%emt 0:08:22] Toutes les finales de R sont nulles selon l'adage mais
celle des Noirs est difficile à cause de la structure de l'aile-roi} (22...
Kb7) (22... f5 {[%csl Rg6]} 23. Nc3 Re8 (23... Bh5 24. Re1) 24. Kd2 Bh5 25. Re1
Rxe1 26. Kxe1 Kd7 27. Kd2 Bf3 28. Ke3 Bc6 29. Ne2 {[%csl Rf5][%cal Ge2d4]}) 23.
dxe4 {[%emt 0:00:05]} Kd7 $2 {[%emt 0:00:19] Quasiment joué à tempo (19
secondes) mais la finale de P est pire que celle de R} 24. Rd1+ $1 {[%emt 0:04:
16]} Ke7 {[%emt 0:00:05]} 25. Rxd8 {[%emt 0:00:17]} Kxd8 {[%emt 0:00:04]} 26.
g4 $1 {[%emt 0:02:18][%csl Gf5,Gh5]} Kd7 {[%emt 0:00:18]} 27. Kd3 {[%emt 0:00:
19]} Ke6 {[%emt 0:00:30]} 28. Kd4 {[%emt 0:00:52]} c6 {[%emt 0:00:05]} 29. h4 {
[%emt 0:01:52]} h6 {[%emt 0:02:42]} 30. h5 $1 {[%emt 0:08:32][%csl Rh6]} Ke7 {
[%emt 0:01:53]} 31. a4 $18 {[%emt 0:02:22]} Ke6 {[%emt 0:02:45]} 32. a5 {
[%emt 0:00:54]} Ke7 {[%emt 0:00:04]} (32... c5+ 33. bxc5 bxa5 34. g5 fxg5 35.
fxg5 hxg5 36. h6) 33. a6 {[%emt 0:00:04]} Ke6 {[%emt 0:00:02]} 34. Kc4 {
[%emt 0:00:25]} Ke7 {[%emt 0:00:16]} 35. Kd3 {[%emt 0:00:04]} Ke6 {[%emt 0:00:
41]} 36. Kd4 {[%emt 0:00:04]} Ke7 {[%emt 0:00:27]} 37. e5 {[%emt 0:01:08]}
fxe5+ $2 {[%emt 0:10:29]} 38. Kxe5 {[%emt 0:00:54]} f6+ {[%emt 0:00:23]} 39.
Kf5 {[%emt 0:00:28]} c5 {[%emt 0:13:48]} 40. bxc5 {[%emt 0:00:00]} bxc5 {
[%emt 0:00:00]} 41. Ke4 {[%emt 0:00:43]} Ke6 {[%emt 0:00:10]} 42. Kd3 {[%emt 0:
00:07]} f5 {[%emt 0:01:58]} 43. g5 {[%emt 0:00:03]} Kd5 1-0

[Event "Olympiad-36"]
[Site "Mallorca"]
[Date "2004.10.15"]
[Round "1"]
[White "Ker, Anthony F"]
[Black "Berkes, Ferenc"]
[Result "0-1"]
[WhiteElo "2328"]
[BlackElo "2630"]
[Annotator "Ramirez Alvarez,A"]
[PlyCount "50"]
[EventDate "2004.10.15"]
[EventType "team-swiss"]
[EventRounds "14"]
[EventCountry "ESP"]
[SourceTitle "CBM 104"]
[Source "ChessBase"]
[SourceDate "2005.01.27"]
[SourceVersion "1"]
[SourceVersionDate "2005.01.27"]
[SourceQuality "1"]
[WhiteTeam "New Zealand"]
[BlackTeam "Hungary"]
[WhiteTeamCountry "NZL"]
[BlackTeamCountry "HUN"]

1. e4 e6 2. d4 d5 3. Nc3 Bb4 4. a3 {A very strange variation against the
French, this game is a good example of why it isn't commonly seen.} Bxc3+ 5.
bxc3 dxe4 6. Qg4 {The "point". Black must either lose his g7 pawn, or weaken
himself and lose the e4 pawn.} Nf6 $1 7. Qxg7 Rg8 8. Qh6 Nbd7 9. Ne2 b6 {
This position is considered to be good for black. His rook is already on an
open file, his bishop will go nicely to b7, and white's own bishops aren't
doing much for the time being, while his development is unfinished.} 10. Ng3 (
10. Bg5 {Had been tried before, a stem game:} Qe7 11. Qh4 Bb7 12. Ng3 $6 h6 13.
Bd2 Rg4 $1 {|^ See Romero Holmes, Alfonso - Matamoros Franco, Carlos  Elgoibar
1997 0-1 (25) [Finkel, A]}) 10... Bb7 11. Be2 Qe7 {Black's plan is clear: long
castle and initiate a furious attack over the king side.} 12. O-O {And white
castles into it! On the other hand it is difficult what to do with the king,
since leaving it on the center isn't such a good option either.} O-O-O $2 {
Too hasty!} (12... Rg6 13. Qh3 c5 $13 {Was a better way, so as to have
counterplay in case white launches an attack on the queen side.}) 13. f3 $2 {
Perhaps the source of whites real troubles, much better was 13. a4, initiating
threats on the queenside. This would have represented real trouble for black.}
(13. a4 $1 $36 Rg6 (13... Nd5 14. c4 $1 Nc3 15. Bh5 Nf6 16. Bd2 Nxh5 17. Qxh5
Qb4 18. a5 $16) 14. Qh3 h5 15. a5 Kb8 16. Ba3 $16) 13... Rg6 14. Qh4 exf3 15.
Bxf3 Bxf3 16. Rxf3 Rdg8 {Now blacks attack is much faster. h5 is a threat,
followed by Rg4 and h4.} 17. a4 h5 18. Ba3 {Attacking the queen doesn't change
anything.} Qd8 $19 19. Rf2 $6 (19. h3 {Hideous, but perhaps necessary to avoid
inmediate defeat} Nd5 $1 20. Qxd8+ Kxd8 21. Nxh5 (21. Kh2 h4 $19) 21... Rxg2+
22. Kh1 Rxc2 23. Rc1 Rgg2 $19) 19... Rg4 20. Qh3 a5 $6 {Unnecessary
prophylaxis, which does not really spoil anything though. h4 was quicker and
more to the point.} 21. Re1 h4 22. Nf1 Ne4 23. Rfe2 f5 {Total domination,
white almost has no moves. The other N will join the attack soon. Notice how
the B on a3 is not doing anything relevant.} 24. d5 $2 {Despair, but what
else?!} exd5 25. Ne3 {More despair.} Ng5 {And the rampaging queen is caught in
an unlikely square. White must be very careful to timing in this variation of
the french, and a slip can mean the difference between a clear edge and a
losing position.} 0-1